Statistics for NFL yearly touchdown pass leaders

Click here to take the quiz!

General Stats

  • This quiz has been taken 47 times
    (41 since last reset)
  • The average score is 40 of 60

Answer Stats

YearTDAnswer% Correct
202048Aaron Rodgers
100%
201640Aaron Rodgers
100%
Peyton Manning
100%
200449Peyton Manning
100%
200631Peyton Manning
100%
201355Peyton Manning
100%
202140Tom Brady
100%
200228Tom Brady
100%
200750Tom Brady
100%
201036Tom Brady
100%
201536Tom Brady
100%
201850Patrick Mahomes
97%
201146Drew Brees
92%
201243Drew Brees
92%
200934Drew Brees
92%
200834Drew Brees
92%
198644Dan Marino
86%
198530Dan Marino
86%
198448Dan Marino
86%
199225Steve Young
83%
199435Steve Young
83%
199836Steve Young
83%
199329Steve Young
83%
199735Brett Favre
81%
199639Brett Favre
81%
199538Brett Favre
81%
200342Brett Favre
81%
Joe Montana
81%
198731Joe Montana
81%
201936Lamar Jackson
75%
201734Russell Wilson
75%
Philip Rivers
69%
Roger Staubach
67%
198217Terry Bradshaw
64%
197828Terry Bradshaw
64%
199033Warren Moon
64%
Joe Namath
61%
201440Andrew Luck
58%
200136Kurt Warner
58%
199941Kurt Warner
58%
Fran Tarkenton
56%
199133Jim Kelly
50%
197426Ken Stabler
50%
197627Ken Stabler
50%
200033Daunte Culpepper
47%
200532Carson Palmer
42%
198133Dan Fouts
42%
Dan Fouts
42%
197722Bob Griese
36%
Brian Sipe
36%
197024John Brodie
28%
197121John Hadl
28%
198831Jim Everett
25%
198929Jim Everett
25%
197323Roman Gabriel
25%
198332Lynn Dickey
19%
197525Joe Ferguson
17%
198031Steve Bartkowski
14%
197928Steve Grogan
14%
197219Billy Kilmer
11%

Score Distribution

Percentile by Number Answered

Percent of People with Each Score

Your Score History

You have not taken this quiz since the last reset